| 000 | 01087nam a2200349 a 4500 | ||
|---|---|---|---|
| 003 | AR-BaBNM | ||
| 005 | 20251128204912.0 | ||
| 008 | 082120s2002 ||||||||||||||000 | spa|| | ||
| 020 | _a84-7112-336-3 | ||
| 040 | _cAR-BaBNM | ||
| 100 | 1 | _aBale, John | |
| 245 | 0 | 0 | _aDidáctica de la geografía en la escuela primaria |
| 260 |
_aMadrid _bMinisterio de Educación y Ciencia _bEdiciones Morata _c1989 |
||
| 300 |
_a182 p. _btablas, mapas, gráfs., il. |
||
| 490 | 0 |
_aEducación infantil y primaria _vv. 11 |
|
| 500 | _aIndice de tablas: p. 175-178 | ||
| 500 | _aIndice de autores y materias: p. 179-182 | ||
| 504 | _aBibliografía: p. 170-174 | ||
| 650 | 4 | _aENSEÑANZA DE LA GEOGRAFIA | |
| 650 | 4 | _aESCUELAS PRIMARIAS | |
| 650 | 4 | _aMATERIAL DIDACTICO | |
| 650 | 4 | _aDESARROLLO DE DESTREZAS | |
| 650 | 4 | _aMETODOS DE ENSEÑANZA | |
| 650 | 4 | _aTECNICAS DIDACTICAS | |
| 650 | 4 | _aMATERIAL AUDIOVISUAL | |
| 650 | 4 | _aMAPAS | |
| 653 | _aEDUCACION PRIMARIA | ||
| 700 | 1 |
_aSolana, Guillermo _etraductor |
|
| 800 | 1 |
_aEggleston, John _edirector |
|
| 942 | _cBK | ||
| 998 | _cGrace | ||
| 999 |
_c9268 _d9268 |
||